La compraventa internacional y los incoterms /
Guardado en:
| Autor Principal: | |
|---|---|
| Formato: | Desconocido |
| Idioma: | Spanish |
| Publicado: |
Barcelona :
Camara oficial de comercio , industria y navegación de Barcelona,
1984
|
| Edición: | 3ª ed. |
| Series: | Centro de estudios de economía internacional Biblioteca práctica del comercio exterior
6 |
| Materias: | |
| Etiquetas: |
Agregar Etiqueta
Sin Etiquetas, Sea el primero en etiquetar este registro!
|
| LEADER | 00653nac a22001695a 4500 | ||
|---|---|---|---|
| 001 | DER.der003225 | ||
| 005 | 20170217000000.0 | ||
| 008 | 180615s1984####||||||||||||||||||||spa|| | ||
| 020 | |a 84-505-0363-9 | ||
| 100 | 1 | |a Guardiola Sacarrera, Enrique | |
| 245 | 1 | 0 | |a La compraventa internacional y los incoterms / |c Enrique Guardiola Sacarrera |
| 250 | |a 3ª ed. | ||
| 260 | |a Barcelona : |b Camara oficial de comercio , industria y navegación de Barcelona, |c 1984 | ||
| 300 | 0 | |a 220 p. | |
| 440 | 0 | |a Centro de estudios de economía internacional |p Biblioteca práctica del comercio exterior |v 6 | |
| 653 | |a COMERCIO EXTERIOR | ||
| 859 | |a DERECHO |b BIB. DERECHO |h 343.087 |i GUA |p 008104 | ||
